000 00596nam a2200205Ia 4500
003 GCL
005 20240530102011.0
008 140319s9999 xx 000 0 ara d
040 _aGCL /
_cGCL
082 0 4 _a932.094
_bق/ع د
100 1 _aعاصم احمد حسين
245 1 0 _aدراسات فى تاريخ وحضارة البطالمة /
_cعاصم احمد حسين
260 _a[S.N] :
_bغاديكو ،
_c1991
300 _a382 ص
650 0 4 _aمصر
650 0 4 _aالتاريخ
650 0 4 _aعصر البطالة
650 0 4 _aالتاريخ القديم
942 _2ddc
_cBK
999 _c29300
_d29300